<?xml version="1.0" encoding="UTF-8"?>
<collection xmlns:xsi="http://www.w3.org/2001/XMLSchema-instance" xsi:schemaLocation="http://www.loc.gov/MARC21/slim http://www.loc.gov/standards/marcxml/schema/MARC21slim.xsd" xmlns="http://www.loc.gov/MARC21/slim">
 <record>
  <leader>00000nam a2200000 i 4500</leader>
  <controlfield tag="001">UP-1685954869149658895</controlfield>
  <controlfield tag="003">Buklod</controlfield>
  <controlfield tag="005">20240403144412.0</controlfield>
  <controlfield tag="006">m     |  | |      </controlfield>
  <controlfield tag="007">ta</controlfield>
  <controlfield tag="008">240403t20232021enk     r   b|001 0|eng d</controlfield>
  <datafield tag="020" ind1=" " ind2=" ">
   <subfield code="a">9781035312115 (paperback)</subfield>
  </datafield>
  <datafield tag="035" ind1=" " ind2=" ">
   <subfield code="a">21847355</subfield>
  </datafield>
  <datafield tag="037" ind1=" " ind2=" ">
   <subfield code="a">BC-74562</subfield>
   <subfield code="b">SERV Enterprises</subfield>
   <subfield code="c">Php6,167.00</subfield>
   <subfield code="n">Prof. Wilfredo Alangui</subfield>
  </datafield>
  <datafield tag="040" ind1=" " ind2=" ">
   <subfield code="a">DLC</subfield>
   <subfield code="d">BAG</subfield>
   <subfield code="e">rda</subfield>
  </datafield>
  <datafield tag="041" ind1="0" ind2=" ">
   <subfield code="a">eng</subfield>
  </datafield>
  <datafield tag="090" ind1=" " ind2="0">
   <subfield code="a">K 3240</subfield>
   <subfield code="b">R47 2023</subfield>
  </datafield>
  <datafield tag="245" ind1="0" ind2="0">
   <subfield code="a">Research handbook on human rights and poverty</subfield>
   <subfield code="c">edited by Martha F. Davis, Morten Kjaerum, Amanda Lyons.</subfield>
  </datafield>
  <datafield tag="250" ind1=" " ind2=" ">
   <subfield code="a">Paperback edition.</subfield>
  </datafield>
  <datafield tag="264" ind1=" " ind2="1">
   <subfield code="a">Cheltenham, [England]</subfield>
   <subfield code="b">Edward Elgar Publishing Limited</subfield>
   <subfield code="c">2023.</subfield>
  </datafield>
  <datafield tag="264" ind1=" " ind2="4">
   <subfield code="c">©2021.</subfield>
  </datafield>
  <datafield tag="300" ind1=" " ind2=" ">
   <subfield code="a">xxxiii, 585 pages</subfield>
   <subfield code="c">25 cm</subfield>
  </datafield>
  <datafield tag="336" ind1=" " ind2=" ">
   <subfield code="a">text</subfield>
   <subfield code="2">rdacontent</subfield>
  </datafield>
  <datafield tag="337" ind1=" " ind2=" ">
   <subfield code="a">unmediated</subfield>
   <subfield code="2">rdamedia</subfield>
  </datafield>
  <datafield tag="338" ind1=" " ind2=" ">
   <subfield code="a">volume</subfield>
   <subfield code="2">rdacarrier</subfield>
  </datafield>
  <datafield tag="490" ind1="0" ind2=" ">
   <subfield code="a">Research handbooks in human rights</subfield>
  </datafield>
  <datafield tag="504" ind1=" " ind2=" ">
   <subfield code="a">Includes bibliographical references and index.</subfield>
  </datafield>
  <datafield tag="505" ind1="0" ind2=" ">
   <subfield code="a">A human rights-based approach to measuring poverty / Olivier De Schutter -- From stigma to rights : uncovering the hidden dimension of poverty / Magdalena Sepúlveda Carmona -- Current perspectives on global poverty : rights, capabilities and social exclusion / Ayşe Buğra -- Is economic inequality a violation of human rights? / Gillian MacNaughton -- Poverty and political rights : an exercise of recovery from oblivion / Karolina Miriam Januszewski and Manfred Nowak -- Human rights and poverty reduction : what are the linkages? / Hans-Otto Sano -- Breaking the link between poverty and disability : re-purposing human rights in the 21st century / Gerard Quinn -- Poverty, older persons and human rights / Andrew Byrnes -- Child impoverishment and the human rights of children / Wouter Vandenhole -- Capping motherhood / Meghan Campbell -- The price that is paid : violence and discrimination based on sexual orientation and gender identity and poverty / Victor Madrigal-Borloz -- Assessing racialized poverty : the case of Romani people in the European Union / Margareta Matache and Simona Barbu -- Rights, racism and poverty : failures of the global commitment to leave no one behind / Gay McDougall -- Immigration, poverty and human rights / Tally Kritzman-Amir -- Human rights and a-legality : destitution of persons seeking asylum in the EU / Eleni Karageorgiou -- Seeing human rights like a city : the prospects and perils of the urban turn / Natalia Ángel-Cabo and Luisa Sotomayor -- Local authorities, poverty and the implementation of human rights norms / Moritz Baumgärtel -- Addressing poverty at its base : the housing and land rights approach / Miloon Kothari -- The land rights-poverty nexus / Alfred Lahai Gbabai Brownell Sr. -- Indigenous peoples land rights : a culturally sensitive strategy for poverty eradication and sustainable development / Alejandro Fuentes -- Human rights, poverty and mobilizations / Domingo A. Lovera-Parmo -- Advancing human rights through legal empowerment of the disadvantaged / Lisa Hilbink and Valentina Salas -- A human rights critique of contemporary social policy paradigms : new behaviourism, social investment and new universalism / Volkan Yilmaz -- The human right to housing in the age of financialization / Leilani Farha and Kaitlin Schwan -- The right to health for people living in poverty : a human rights perspective / Mette Hartlev -- Human rights and abortion access for people living in poverty : implications for the United States and globally / Risa E. Kaufman and Diana Kasdan -- What is wrong with the privatization of education as anti-poverty policy from a human rights perspective? / Antonio Barboza-Vergara and Esteban Hoyos-Ceballos -- Poverty, labour law and human rights : a necessary connection / Lee Swepston and Constance Thomas -- Minimum wage, poverty reduction and human rights in Cambodia : a case study / Sophal Chea -- Fair taxes to end poverty / Åsa Gunnarsson -- Climate change, human rights and poverty : intersections and challenges / Sumudu Atapattu -- Corruption as a human rights violation / Khulekani Moyo -- Conflict, poverty and human rights violations / Zafer Kizilkaya -- Human rights, technology and poverty / Linnet Taylor and Hellen Mukiri-Smith -- Beyond the state : holding international institutions and private entities accountable for poverty alleviation / Lucy Williams.</subfield>
  </datafield>
  <datafield tag="520" ind1=" " ind2=" ">
   <subfield code="a">&quot;This important Research Handbook explores the nexus between human rights, poverty and inequality as a critical lens for understanding and addressing key challenges of the coming decades, including the objectives set out in the Sustainable Development Goals. The Research Handbook starts from the premise that poverty is not solely an issue of minimum income and explores the profound ways that deprivation and distributive inequality of power and capability relate to economic, social, cultural, civil and political rights.&quot;</subfield>
  </datafield>
  <datafield tag="650" ind1=" " ind2="0">
   <subfield code="a">Human rights.</subfield>
  </datafield>
  <datafield tag="650" ind1=" " ind2="0">
   <subfield code="a">Poverty</subfield>
   <subfield code="x">Prevention.</subfield>
  </datafield>
  <datafield tag="650" ind1=" " ind2="0">
   <subfield code="a">Social rights.</subfield>
  </datafield>
  <datafield tag="700" ind1="1" ind2=" ">
   <subfield code="a">Davis, Martha F.</subfield>
   <subfield code="d">1957-</subfield>
   <subfield code="e">editor.</subfield>
  </datafield>
  <datafield tag="700" ind1="1" ind2=" ">
   <subfield code="a">Kjaerum, Morten</subfield>
   <subfield code="e">editor.</subfield>
  </datafield>
  <datafield tag="700" ind1="1" ind2=" ">
   <subfield code="a">Lyons, Amanda</subfield>
   <subfield code="e">editor.</subfield>
  </datafield>
  <datafield tag="905" ind1=" " ind2=" ">
   <subfield code="a">FO</subfield>
  </datafield>
  <datafield tag="852" ind1="0" ind2=" ">
   <subfield code="a">UPBAG</subfield>
   <subfield code="b">UPBAG-MAIN</subfield>
   <subfield code="h">K 3240</subfield>
   <subfield code="i">R47 2023</subfield>
  </datafield>
  <datafield tag="942" ind1=" " ind2=" ">
   <subfield code="a">Book</subfield>
  </datafield>
 </record>
</collection>
